| 000 | 00624nam a2200229Ia 4500 | ||
|---|---|---|---|
| 005 | 20260429112141.0 | ||
| 008 | 260429s9999||||xx |||||||||||||| ||und|| | ||
| 020 | _a9781032951737 | ||
| 041 | _aEnglish | ||
| 082 |
_a647.94 _bKIM |
||
| 100 | _aKim, Aise | ||
| 245 | 0 |
_aInternational case studies in food tourism / _cAise Kim |
|
| 250 | _a1st ed. | ||
| 260 |
_aLondon : _bRoutledge, _c2025. |
||
| 300 | _axxxi, 303 p.; pbk | ||
| 440 | _aRoutledge internaltional case studies in tourism | ||
| 650 | _a Case studies | ||
| 650 | _aFood tourism | ||
| 700 | _a Aktas, Gurhan | ||
| 700 | _a Kozak, Metin | ||
| 942 | _cTB | ||
| 999 |
_c52611 _d52611 |
||